| 000 | 00000nam##2200000za#4500 |
| 001 | 9.651836 |
| 003 | CaOODSP |
| 005 | 20210615115235 |
| 007 | ta |
| 008 | 150407|2010||||xxc||||| f|0| 0 eng|d |
| 020 | |a978-1-100-14675-1 |
| 040 | |aCaOODSP|beng |
| 043 | |an-cn--- |
| 086 | 1 |aHS64-10/2010E |
| 110 | 1 |aCanada. |bHuman Resources and Skills Development Canada. |
| 245 | 10|aSupport for low-income Canadians |
| 246 | 1 |iAt head of title : |aCanada's Economic Action Plan |
| 260 | |aGatineau - Quebec : |bHuman Resources and Skills Development Canada |c[2010]. |
| 300 | |a1 sheet [2]p. ; |c28 cm. |
| 563 | |aPamphlet |
| 590 | |a10-17|b2010-04-30 |
| 690 | 07|aLow income|2gcpds |
| 690 | 07|aEconomic policy|2gcpds |
| 775 | 08|tSoutien aux canadiens à faible revenu |w(CaOODSP)9.684840 |
| 776 | 0#|tSupport for low-income Canadians |w(CaOODSP)9.693000 |